000 00691nam a22002057a 4500
999 _c5817
_d5817
003 AR-CdUCM
008 190313b ||||| |||| 00| 0 spa d
040 _aMUNICIPALIDAD PROVINCIAL DEL CUSCO
_cBIBLIOTECA MUNICIPAL DEL CUSCO
082 _a985.009 /
_bP65
245 _aFrancisco Pizarro; Diego de Almagro /
_c José A. del Busto D.
260 _aLima :
_bUniversitaria,
_c1964.
300 _a95 páginas ;
_c19 cm.
650 _aBiografías
_9148
650 _aFrancisco Pizarro
_92875
650 _aDiego de Almagro
_91149
650 _aHombres del Perú - Biografías - Siglo XVI
_917236
700 _aBusto Duthurburu, José Antonio del
_9272
942 _2ddc
_cLIBROS
945 _alccs